LEADER 01263nam--2200361---450- 001 990001524590203316 005 20050920153937.0 035 $a000152459 035 $aUSA01000152459 035 $a(ALEPH)000152459USA01 035 $a000152459 100 $a20040323d1964----km-y0itay0103----ba 101 0 $aita 102 $aIT 105 $a||||||||001yy 200 1 $a<>archivio della Congregazione dell'Oratoria di Roma e l'Archivio della Abazia di S. Giovanni in Venere$fAnna Maria Corbo 210 $aRoma$cTipografia Romana$d1964 215 $a234 p.$d24 cm 225 2 $aQuaderni della Rassegna degli Archivi di Stato$v29 410 0$12001$aQuaderni della Rassegna degli Archivi di Stato$v29 454 1$12001 461 1$1001-------$12001 700 1$aCORBO,$bAnna Maria$0210531 801 0$aIT$bsalbc$gISBD 912 $a990001524590203316 951 $aI.3. Coll.3/ 13(XI B Arch.coll.3/27)$b40951 L.M.$cXI B Arch. 959 $aBK 969 $aUMA 979 $aSIAV3$b10$c20040323$lUSA01$h1033 979 $aPATRY$b90$c20040406$lUSA01$h1746 979 $aCOPAT5$b90$c20050920$lUSA01$h1539 996 $aArchivio della Congregazione dell'Oratoria di Roma e l'Archivio della Abazia di S. Giovanni in Venere$9939847 997 $aUNISA